| 000 | 00933nam a2200217 i 4500 | ||
|---|---|---|---|
| 001 | 143088 | ||
| 003 | ES-MaACL | ||
| 005 | 20250824073945.0 | ||
| 007 | t| | ||
| 008 | 070214s1920 sp r ||||1| spa d | ||
| 080 | _a821.134.2 Cervantes Saavedra, Miguel de 1.07 | ||
| 245 | 0 | 0 |
_aSemana cervantina _b: resúmenes y artículos / _cprólogo de José de la Torre Rebullida. |
| 260 |
_aCastellón : _b[s.n.], _c1920 ( _fEstab. Tip. de Hijos de J. Armengot) |
||
| 300 |
_a226 p. ; _c19 cm. |
||
| 490 | 1 |
_aPublicaciones de la biblioteca escolar del Instituto General y Técnico de Castellón. Serie primera ; _v1 |
|
| 600 | 1 | 4 |
_aCervantes Saavedra, Miguel de, _d1547-1616- _xCrítica e interpretación _937602 |
| 700 | 1 |
_aTorre Rebullida, José de la. _9110780 |
|
| 830 | 0 | 0 |
_aPublicaciones de la Biblioteca Escolar del Instituto General y Técnico de Castellón _v1 _9220537 |
| 852 |
_aES-MaACL _jF-5119 |
||
| 999 |
_c143088 _d143088 |
||